00926nam a2200289Ia 4500001000800000003000500008005001700013008004100030010001100071020001800082040000900100082001900109100002400128245013000152250001100282260003700293300001600330500008700346503000800433504002800441650002300469650001900492650003300511650003000544700003200574700003000606dia_119CHAP20221206142834.0220117s1988 xx 000 0 und d a170551 a968-451-495-6 cCHAP a519.5 S84 1985 aSteel, Robert G. D. aBioestadística : principios y procedimientos /c Robert G. D. Steel y James H. Torrie ; traducción Ricardo Martínez B. a2a ed. aMéxico :b McGraw-Hill,c1988 axxi, 622 p. aTítulo original: Principles and procedures of statistics. A biometrical approach aC/e aIncluye bibliografías aBiomatemáticas  aBiomathematics aEstadística matemática  aMathematical statistics  aMartínez B., Ricardo, tr. aTorrie, James H., coaut.